Neural networks in the analysis and design of structures (Record no. 11770)

MARC details
000 -LEADER
fixed length control field 00487nam a2200205Ia 4500
001 - CONTROL NUMBER
control field 110181
003 - CONTROL NUMBER IDENTIFIER
control field YMCAF
005 - DATE AND TIME OF LATEST TRANSACTION
control field 20230512162412.0
008 - FIXED-LENGTH DATA ELEMENTS--GENERAL INFORMATION
fixed length control field 100717s1999 ||||||||||||||||| ||und|d
024 ## - OTHER STANDARD IDENTIFIER
Standard number or code 110181
035 ## - SYSTEM CONTROL NUMBER
System control number WB1168
040 ## - CATALOGING SOURCE
Original cataloging agency YMCAF
Language of cataloging eng
Transcribing agency IN-KoLT
041 ## - LANGUAGE CODE
Language code of text/sound track or separate title eng
082 ## - DEWEY DECIMAL CLASSIFICATION NUMBER
Classification number 006.32
Item number WAS
100 ## - MAIN ENTRY--PERSONAL NAME
Personal name Waszczyszyn, Zenon
245 #0 - TITLE STATEMENT
Title Neural networks in the analysis and design of structures
260 ## - PUBLICATION, DISTRIBUTION, ETC.
Name of publisher, distributor, etc. Springer
Date of publication, distribution, etc. 1999
300 ## - PHYSICAL DESCRIPTION
Extent 307
942 ## - ADDED ENTRY ELEMENTS (KOHA)
Source of classification or shelving scheme Dewey Decimal Classification
Koha item type Books
Holdings
Withdrawn status Lost status Damaged status Not for loan Home library Current library Date acquired Cost, normal purchase price Total Checkouts Barcode Date last seen Cost, replacement price Price effective from Koha item type Public note G
        JC Bose University of Science & Technology JC Bose University of Science & Technology 17/07/2010 4242.00   WB1168 12/05/2023 4242.00 12/05/2023 Books C 602162